|
|
|
|
| LEADER |
02051nam a2200541 a 4500 |
| 001 |
nkc20132500953 |
| 003 |
CZ PrNK |
| 005 |
20131219065125.0 |
| 007 |
ta |
| 008 |
131120s2013 xr a e f 000 0 cze |
| 015 |
|
|
|a cnb002500953
|
| 020 |
|
|
|a 978-80-905096-8-9
|q (Potravinářská komora ČR ;
|q brož.)
|
| 020 |
|
|
|a 978-80-85047-46-2
|q (Ministerstvo zdravotnictví ČR ;
|q brož.)
|
| 035 |
|
|
|a (OCoLC)867819905
|
| 040 |
|
|
|a ABA001
|b cze
|
| 072 |
|
7 |
|a 613
|x Hygiena. Lidské zdraví
|2 Konspekt
|9 14
|
| 080 |
|
|
|a 613.2
|2 MRF
|
| 080 |
|
|
|a 614
|2 MRF
|
| 080 |
|
|
|a 613.2
|2 MRF
|
| 080 |
|
|
|a 612.017
|2 MRF
|
| 080 |
|
|
|a 616-092.11
|2 MRF
|
| 080 |
|
|
|a (036)
|2 MRF
|
| 100 |
1 |
|
|a Turek, Bohumil,
|d 1935-2021
|7 nlk20000076281
|4 aut
|
| 245 |
1 |
0 |
|a Jak a proč výživa ovlivňuje zdraví :
|b zdravotní tvrzení na potravinách /
|c [Turek Bohumil, Šíma Petr, Michalová Irena]
|
| 250 |
|
|
|a 1. vyd.
|
| 260 |
|
|
|a Praha :
|b Potravinářská komora České republiky :
|b Ministerstvo zdravotnictví České republiky,
|c 2013
|
| 300 |
|
|
|a 48 s. :
|b barev. il. ;
|c 30 cm
|
| 500 |
|
|
|a Název z obálky
|
| 504 |
|
|
|a Obsahuje bibliografii
|
| 650 |
0 |
7 |
|a výživa člověka
|7 ph127487
|2 czenas
|
| 650 |
0 |
7 |
|a výživa člověka
|7 ph127487
|x zdravotní aspekty
|2 czenas
|
| 650 |
0 |
7 |
|a racionální výživa
|7 ph124968
|2 czenas
|
| 650 |
0 |
7 |
|a imunita (lékařství)
|7 ph137721
|2 czenas
|
| 650 |
0 |
7 |
|a zdraví a nemoc
|7 ph158519
|2 czenas
|
| 650 |
0 |
9 |
|a human nutrition
|2 eczenas
|
| 650 |
0 |
9 |
|a human nutrition
|x health aspects
|2 eczenas
|
| 650 |
0 |
9 |
|a healthy eating
|2 eczenas
|
| 650 |
0 |
9 |
|a immunity
|2 eczenas
|
| 650 |
0 |
9 |
|a health and disease
|2 eczenas
|
| 655 |
|
7 |
|a informační publikace
|7 fd132454
|2 czenas
|
| 655 |
|
9 |
|a information publications
|2 eczenas
|
| 700 |
1 |
|
|a Šíma, Petr,
|d 1942-
|7 jk01122950
|4 aut
|
| 700 |
1 |
|
|a Michalová, Irena
|7 mzk2006368103
|4 aut
|
| 910 |
2 |
|
|a BOA001
|b 4-1314.532
|
| 990 |
|
|
|a BK
|
| 995 |
|
|
|a 01
|
| 991 |
|
|
|b 201312
|c NOV
|e n
|
| 996 |
6 |
|
|b 2610570224
|c 4-1314.532
|l MZK
|r Sklad / do 1 hodiny
|n 6
|p p.v.
|w 001383907
|u 000010
|a 1
|e BOA001
|j MZK50
|s P
|